Zimbabwe's trajectory : (Record no. 168963)
[ view plain ]
| 000 -LEADER | |
|---|---|
| fixed length control field | 00882nam a2200265 a 4500 |
| 008 - FIXED-LENGTH DATA ELEMENTS--GENERAL INFORMATION | |
| fixed length control field | |
| 020 ## - INTERNATIONAL STANDARD BOOK NUMBER | |
| International Standard Book Number | 9781779223760 (paperback) |
| 040 ## - CATALOGING SOURCE | |
| Original cataloging agency | NUST |
| Transcribing agency | NUST |
| 049 ## - LOCAL HOLDINGS (OCLC) | |
| Holding library | MAIN |
| 090 ## - LOCALLY ASSIGNED LC-TYPE CALL NUMBER (OCLC); LOCAL CALL NUMBER (RLIN) | |
| Classification number (OCLC) (R) ; Classification number, CALL (RLIN) (NR) | DT2998 |
| Local cutter number (OCLC) ; Book number/undivided call number, CALL (RLIN) | ZIM |
| 003 - CONTROL NUMBER IDENTIFIER | |
| control field | |
| 005 - DATE AND TIME OF LATEST TRANSACTION | |
| control field | 20231007142815.0 |
| 245 10 - TITLE STATEMENT | |
| Title | Zimbabwe's trajectory : |
| Remainder of title | stepping forward or sliding back?/ |
| Statement of responsibility, etc. | edited by Eldred V Masunungure. |
| 260 ## - PUBLICATION, DISTRIBUTION, ETC. | |
| Place of publication, distribution, etc. | Harare, Zimbabwe : |
| Name of publisher, distributor, etc. | Weaver Press, |
| Date of publication, distribution, etc. | 2020. |
| 300 ## - PHYSICAL DESCRIPTION | |
| Extent | xi, 440 pages : |
| Other physical details | illustrations (some colour) ; |
| Dimensions | 23 cm. |
| 336 ## - CONTENT TYPE | |
| Content type term | text |
| Content type code | txt |
| Source | rdacontent |
| 337 ## - MEDIA TYPE | |
| Media type term | unmediated |
| Media type code | n |
| Source | rdamedia |
| 338 ## - CARRIER TYPE | |
| Carrier type term | volume |
| Carrier type code | nc |
| Source | rdacarrier |
| 504 ## - BIBLIOGRAPHY, ETC. NOTE | |
| Bibliography, etc. note | Includes bibliographical references. |
| 650 ## - SUBJECT ADDED ENTRY--TOPICAL TERM | |
| Topical term or geographic name entry element | Zimbabwe. |
| 650 ## - SUBJECT ADDED ENTRY--TOPICAL TERM | |
| Topical term or geographic name entry element | Politics and government. |
| 700 ## - ADDED ENTRY--PERSONAL NAME | |
| Personal name | Masunungure, Eldred V., |
| -- | editor. |
| 907 ## - LOCAL DATA ELEMENT G, LDG (RLIN) | |
| a | .b10402676 |
| b | 24-05-21 |
| c | 21-05-21 |
| 942 ## - ADDED ENTRY ELEMENTS (KOHA) | |
| Koha item type | Ordinary Loan Books |
| Call number prefix | DT2998 |
| Call number suffix | ZIM |
| Koha issues (borrowed), all copies | 1 |
| Date last seen | Total Checkouts | Full call number | Barcode | Date last checked out | Cost, replacement price | Price effective from | Koha item type | Lost status | Source of classification or shelving scheme | Damaged status | Not for loan | Collection | Withdrawn status | Home library | Current library | Shelving location | Date acquired | Cost, normal purchase price |
|---|---|---|---|---|---|---|---|---|---|---|---|---|---|---|---|---|---|---|
| 01/16/2024 | 1 | DT2998 ZIM | 92004049756 | 10/07/2023 | 80.00 | 01/23/2023 | BOOKS | LCC | NFIC | MAIN | MAIN | GEN | 01/23/2023 | 80.00 |